Matemáticas avanzadas para ingeniería 2: cálculo vectorial, análisis de fourier y análisis complejo.
Na minha lista:
| Principais autores: | , |
|---|---|
| Formato: | Livro |
| Publicado em: |
México D.F., México:
McGraw-Hill Interamericana,
2008.
|
| Assuntos: | |
| Tags: |
Adicionar Tag
Sem tags, seja o primeiro a adicionar uma tag!
|
MARC
| LEADER | 00000nam a22000007a 4500 | ||
|---|---|---|---|
| 003 | CL-VaPUC | ||
| 005 | 20240904154632.0 | ||
| 008 | 240904t2008 ||||| |||| 00| 0 eng d | ||
| 999 | |c 342262 |d 342260 | ||
| 020 | |a 9789701065105 | ||
| 040 | |c Pontificia Universidad Católica de Valparaíso | ||
| 082 | 0 | 4 | |a 515 ZIL 2008 |2 21 |
| 100 | |a Zill, Dennis G |e autor |9 891042 | ||
| 245 | 1 | 0 | |a Matemáticas avanzadas para ingeniería 2: cálculo vectorial, análisis de fourier y análisis complejo. |
| 260 | |a México D.F., México: |b McGraw-Hill Interamericana, |c 2008. | ||
| 300 | |a 549 páginas. | ||
| 583 | |c 20240904 |k GC | ||
| 650 | 0 | |a Análisis de Fourier |9 260464 | |
| 650 | 0 | |a Análisis complejo |9 260214 | |
| 650 | 0 | |a Cálculo vectorial |9 408406 | |
| 650 | 0 | |a Análisis vectorial |9 260451 | |
| 700 | |a Cullen, Michael R |e author |9 552113 | ||
| 942 | |c BK |2 ddc | ||
| 952 | |0 0 |1 0 |2 ddc |4 0 |6 515_000000000000000_ZIL_2008 |7 0 |8 A |9 438359 |a BIBING |b BIBING |c RES |d 2019-11-22 |i 4707206 |l 2 |o 515 ZIL 2008 |p 4707206 |r 2025-03-10 |s 2025-03-03 |w 2019-11-22 |y BK |k ING | ||